[Event "Eliteserien 2009-2010"]
[Site "Haraldsheim"]
[Date "2009.11.06"]
[Round "2"]
[White "Aandal, Kristian"]
[Black "Trinh, Anh-Dan Doan"]
[Result "1-0"]
[WhiteElo "1906"]
[BlackElo "1855"]
[PlyCount "51"]
[EventDate "2009.??.??"]

1. d4 d6 2. c4 f5 3. Nc3 Nf6 4. Bg5 g6 5. Bxf6 exf6 6. h4 h5 7. Nh3 Bh6 8. e3
c6 9. Bd3 Na6 10. a3 Nc7 11. Qf3 Qe7 12. O-O-O Kf7 13. Kb1 Rg8 14. Rhe1 Bd7 15.
Nf4 Rae8 16. Qg3 a6 17. e4 Bxf4 18. Qxf4 Ne6 19. Qd2 fxe4 20. Nxe4 Qf8 21. c5
dxc5 22. dxc5 Re7 23. Bc4 Rg7 24. Qf4 f5 25. Ng5+ Ke8 26. Bxe6 
1-0

[Event "Eliteserien 2009-2010"]
[Site "Haraldsheim"]
[Date "2009.11.06"]
[Round "3"]
[White "Djurhuus, Rune"]
[Black "Skodvin, Eilif"]
[Result "1-0"]
[WhiteElo "2414"]
[BlackElo "2343"]
[PlyCount "135"]
[EventDate "2009.??.??"]

1. d4 d5 2. c4 e6 3. Nc3 Be7 4. cxd5 exd5 5. Bf4 Nf6 6. e3 Bf5 7. Qb3 Nc6 8. a3
Na5 9. Qa2 O-O 10. Nf3 Bc2 11. b4 Nb3 12. Qxc2 Nxa1 13. Qa2 a5 14. b5 Bxa3 15.
Qxa1 Bb4 16. Bd3 Ne4 17. Bxe4 dxe4 18. Nd2 Qd7 19. O-O Bxc3 20. Qxc3 Qxb5 21.
Nxe4 a4 22. Qa3 Qb3 23. Qxb3 axb3 24. d5 b2 25. Nd2 f6 26. Bxc7 Ra1 27. d6 Rc1
28. Bb6 Kf7 29. Bd4 Rc2 30. Nb3 Ra8 31. d7 Rd8 32. Rb1 Rxd7 33. Kf1 Rd5 34. Ke1
Rb5 35. Nd2 Rc1+ 36. Ke2 Rxb1 37. Nxb1 Rh5 38. h3 Rg5 39. g3 Rh5 40. h4 Rb5 41.
Kd3 g5 42. hxg5 fxg5 43. g4 h5 44. gxh5 g4 45. h6 Kg6 46. e4 Kxh6 47. Kc4 Rh5
48. Bxb2 Rh1 49. Nd2 Kg6 50. Be5 Kf7 51. Nb3 Re1 52. Kd5 Rd1+ 53. Nd4 b5 54.
Bg3 b4 55. Kc4 Re1 56. e5 Re4 57. Kd5 Re1 58. e6+ Ke8 59. Bd6 Rb1 60. Nf5 Rd1+
61. Kc6 Re1 62. Ng7+ Kd8 63. Bxb4 Re4 64. Bd6 Re2 65. Bc5 Re1 66. Kd6 Re2 67.
e7+ Rxe7 68. Bb6+ 
1-0

[Event "Eliteserien 2009-2010"]
[Site "Haraldsheim"]
[Date "2009.11.06"]
[Round "3"]
[White "Gabrielsen, Stig"]
[Black "Hole, Øystein"]
[Result "1/2-1/2"]
[WhiteElo "2302"]
[BlackElo "2369"]
[PlyCount "61"]
[EventDate "2009.??.??"]

1. e4 c6 2. d4 d5 3. e5 c5 4. dxc5 e6 5. a3 Nc6 6. Nf3 Qc7 7. b4 a5 8. Nc3 axb4
9. Nb5 Qa5 10. Bd3 Bxc5 11. O-O Qd8 12. Qe2 Nge7 13. Be3 Bxe3 14. Nd6+ Kf8 15.
fxe3 Nf5 16. Bxf5 exf5 17. axb4 Rb8 18. Qb5 g6 19. Qxd5 Be6 20. Qc5 Kg7 21. b5
Ne7 22. Rfd1 b6 23. Qd4 Qc7 24. c4 h6 25. Ra6 Rhd8 26. h3 g5 27. Rd2 Kh7 28.
Qa1 Qc5 29. Qd4 Qc7 30. Qa1 Qc5 31. Qd4 
1/2-1/2

[Event "Eliteserien 2009-2010"]
[Site "Haraldsheim"]
[Date "2009.11.06"]
[Round "3"]
[White "Thorstensen, Trond"]
[Black "Gabrielsen, Trond"]
[Result "1/2-1/2"]
[WhiteElo "2209"]
[BlackElo "2230"]
[PlyCount "75"]
[EventDate "2009.??.??"]

1. d4 f5 2. c4 Nf6 3. Nc3 e6 4. Qc2 Bb4 5. Bd2 O-O 6. e3 Bxc3 7. Bxc3 Ne4 8.
Bd3 Nxc3 9. Qxc3 d6 10. Ne2 e5 11. dxe5 dxe5 12. O-O-O Qf6 13. c5 Nc6 14. Bc4+
Kh8 15. f4 Be6 16. Bxe6 Qxe6 17. Qb3 Qxb3 18. axb3 Rad8 19. fxe5 Nxe5 20. Nd4
Rde8 21. h3 Kg8 22. Rhf1 g6 23. Kd2 Re7 24. Ra1 a6 25. c6 Nxc6 26. Nxc6 bxc6
27. Rxa6 Rb8 28. Ra3 Rd8+ 29. Ke2 Red7 30. Kf3 Rd2 31. Rf2 Rxf2+ 32. Kxf2 Rd2+
33. Kf3 Rxb2 34. Ra8+ Kf7 35. Ra7 Rxb3 36. Rxc7+ Kg8 37. Rxc6 Rb7 38. g4
1/2-1/2

[Event "Eliteserien 2009-2010"]
[Site "Haraldsheim"]
[Date "2009.11.06"]
[Round "3"]
[White "Kirkebø, Carl Peter"]
[Black "Skrondal, Inge Sandstad"]
[Result "1/2-1/2"]
[WhiteElo "2080"]
[BlackElo "2247"]
[PlyCount "26"]
[EventDate "2009.??.??"]

1. e4 c5 2. Nc3 g6 3. f4 Bg7 4. Nf3 Nc6 5. Bb5 Nd4 6. O-O Nxb5 7. Nxb5 d5 8. e5
b6 9. d4 c4 10. a4 Bg4 11. h3 Bxf3 12. Qxf3 a6 13. Nc3 e6 
1/2-1/2

[Event "Eliteserien 2009-2010"]
[Site "Haraldsheim"]
[Date "2009.11.06"]
[Round "3"]
[White "Gudbrandsen, Gustav"]
[Black "Trinh, Anh-Dan Doan"]
[Result "1-0"]
[WhiteElo "2180"]
[BlackElo "1855"]
[PlyCount "51"]
[EventDate "2009.??.??"]

1. e4 e5 2. Nf3 Nc6 3. d4 exd4 4. Nxd4 Bc5 5. Be3 Qf6 6. c3 Nge7 7. Nc2 Bxe3 8.
Nxe3 Qe5 9. Qd3 O-O 10. Nd2 f5 11. O-O-O fxe4 12. Nxe4 d6 13. g3 Qa5 14. a3 Ne5
15. Qe2 Nf5 16. Nc4 Qb5 17. Nxe5 Qxe5 18. Qc4+ Kh8 19. Ng5 Nh6 20. f4 Qe3+ 21.
Kb1 Bf5+ 22. Bd3 d5 23. Qxd5 Rad8 24. Nf7+ Nxf7 25. Qxf5 Ng5 26. Bc2 
1-0

[Event "Eliteserien 2009-2010"]
[Site "Haraldsheim"]
[Date "2009.11.06"]
[Round "3"]
[White "Holen, Torgeir"]
[Black "Pham, Toan Thanh"]
[Result "1/2-1/2"]
[WhiteElo "1901"]
[BlackElo "2045"]
[PlyCount "103"]
[EventDate "2009.??.??"]

1. d4 d5 2. c4 e6 3. Nc3 c5 4. cxd5 exd5 5. Nf3 Nc6 6. g3 Nf6 7. Bg2 Be7 8. O-O
O-O 9. h3 h6 10. Be3 c4 11. Ne5 Qa5 12. Bd2 Bb4 13. a3 Bxc3 14. Bxc3 Qc7 15.
Qc2 b5 16. f3 Nh5 17. Nxc6 Qxc6 18. Be1 f5 19. e4 fxe4 20. fxe4 Rxf1+ 21. Bxf1
dxe4 22. Bg2 Bb7 23. Rd1 Qd5 24. Bf2 Re8 25. Qd2 Qd6 26. Qe1 Bd5 27. Qe3 Qf6
28. Rf1 Qg5 29. Qe1 Kh8 30. Kh2 Qe7 31. Be3 Rf8 32. Rxf8+ Qxf8 33. Qa5 Qd6 34.
Qxb5 Qxg3+ 35. Kh1 Qxe3 36. Qxd5 Ng3+ 37. Kh2 Qf4 38. Qe5 Ne2+ 39. Qxf4 Nxf4
40. Bxe4 Kg8 41. Kg3 g5 42. Bf5 Ne2+ 43. Kf2 Nxd4 44. Be4 Kg7 45. Bd5 Kf6 46.
Bxc4 Ke5 47. Ke3 h5 48. Bd3 a5 49. b4 axb4 50. axb4 g4 51. hxg4 hxg4 52. b5
1/2-1/2

[Event "Eliteserien 2009-2010"]
[Site "Haraldsheim"]
[Date "2009.11.06"]
[Round "3"]
[White "Tisdall, Jonathan"]
[Black "Grandelius, Nils"]
[Result "1/2-1/2"]
[WhiteElo "2404"]
[BlackElo "2431"]
[PlyCount "49"]
[EventDate "2009.??.??"]

1. Nf3 Nf6 2. c4 e6 3. Nc3 d5 4. d4 dxc4 5. e3 a6 6. a4 c5 7. Bxc4 Nc6 8. O-O
Be7 9. Qe2 cxd4 10. Rd1 O-O 11. exd4 Nb4 12. Ne5 Bd7 13. Bg5 Rc8 14. Bb3 Nfd5
15. Nxd5 Nxd5 16. Bxd5 exd5 17. Nxd7 Re8 18. Bxe7 Qxd7 19. Re1 Rc7 20. Qf3 Rxe7
21. Rxe7 Qxe7 22. Qxd5 Rc2 23. b3 g6 24. h3 Rd2 25. Qe5 
1/2-1/2

[Event "Eliteserien 2009-2010"]
[Site "Haraldsheim"]
[Date "2009.11.06"]
[Round "3"]
[White "Ekeberg, Carl Fr."]
[Black "Arvola, Benjamin"]
[Result "1-0"]
[WhiteElo "2267"]
[BlackElo "2216"]
[PlyCount "85"]
[EventDate "2009.??.??"]

1. Nf3 e6 2. c4 f5 3. g3 Nf6 4. Bg2 d5 5. O-O Bd6 6. d3 O-O 7. Nc3 c5 8. cxd5
exd5 9. Qb3 Kh8 10. Nxd5 Nc6 11. Nf4 Qe7 12. Re1 Bd7 13. Bd2 Rae8 14. Bc3 Bxf4
15. gxf4 Be6 16. Qc2 Nd5 17. Qd2 Bg8 18. e3 Rd8 19. a3 c4 20. Bd4 Qd6 21. Be5
Qh6 22. dxc4 Nxe5 23. cxd5 Ng4 24. h3 Bxd5 25. Qe2 Nf6 26. Rad1 Ne4 27. Kh2 Nc5
28. Ng5 Bb3 29. Rxd8 Rxd8 30. Qb5 Qb6 31. Qxb6 axb6 32. Nf3 Nd3 33. Re2 Nc5 34.
Rd2 Rd3 35. Kg1 g6 36. Rxd3 Nxd3 37. Nd4 Bd1 38. b4 Nb2 39. Bxb7 Nc4 40. Nb5
Kg7 41. Nc3 Be2 42. a4 Bd3 43. Bd5 
1-0

[Event "Eliteserien 2009-2010"]
[Site "Haraldsheim"]
[Date "2009.11.06"]
[Round "3"]
[White "Lundeby, Øyvind Andersen"]
[Black "Grotnes, Nils Ragnar"]
[Result "0-1"]
[WhiteElo "2154"]
[BlackElo "2158"]
[PlyCount "106"]
[EventDate "2009.??.??"]

1. d4 d5 2. c4 c6 3. Nf3 Nf6 4. e3 e6 5. Nbd2 Be7 6. Bd3 O-O 7. O-O c5 8. b3
cxd4 9. exd4 Nc6 10. Bb2 Nd7 11. cxd5 exd5 12. Re1 Qb6 13. Nf1 Rd8 14. Ng3 g6
15. Rc1 Bf6 16. Bb1 Nf8 17. Ne5 Be6 18. Qd2 Nd7 19. Kh1 Ndxe5 20. dxe5 Be7 21.
Nh5 Kh8 22. Nf6 Kg7 23. f4 Bb4 24. Bc3 d4 25. Bxb4 Qxb4 26. Qf2 d3 27. Rcd1 Rd4
28. g3 Rad8 29. Rd2 h5 30. Red1 Qc3 31. Qe3 Nb4 32. Kg1 Nc2 33. Qf3 Bf5 34. Kf2
Qc5 35. Kg2 Bg4 36. Nxg4 hxg4 37. Qf2 Qd5+ 38. Kg1 Qe4 39. Rc1 b6 40. Rf1 Na3
41. Rc1 Nxb1 42. Rxb1 R4d5 43. Re1 Qf5 44. Qe3 Rc8 45. Red1 Rc3 46. h3 gxh3 47.
Qf3 Rxe5 48. Rxd3 Re1+ 49. Rxe1 Rxd3 50. Qf2 Qd5 51. Kh2 Rd2 52. Re2 Rd1 53.
Kxh3 Rh1+ 
0-1

[Event "Eliteserien 2009-2010"]
[Site "Haraldsheim"]
[Date "2009.11.06"]
[Round "3"]
[White "Hammerstad, Åsmund"]
[Black "Kvisvik, Brede Alex."]
[Result "1/2-1/2"]
[WhiteElo "2173"]
[BlackElo "2047"]
[PlyCount "108"]
[EventDate "2009.??.??"]

1. d4 Nf6 2. Nf3 g6 3. c4 Bg7 4. Nc3 O-O 5. e4 d6 6. Be2 e5 7. Be3 Ng4 8. Bg5
f6 9. Bc1 f5 10. dxe5 Nxe5 11. exf5 Bxf5 12. O-O Nbc6 13. Be3 Qd7 14. Nd4 Nxd4
15. Bxd4 Rae8 16. Qd2 Qf7 17. b3 a6 18. Rad1 h5 19. Nd5 Kh7 20. Qb2 c5 21. Bc3
Nc6 22. Bxg7 Qxg7 23. Qxg7+ Kxg7 24. Ne3 Nd4 25. Bd3 Bxd3 26. Rxd3 b5 27. Rd2
bxc4 28. Nxc4 Re2 29. f3 d5 30. Rxe2 Nxe2+ 31. Kf2 Nf4 32. Nd6 Rd8 33. g3 Rxd6
34. gxf4 Kf6 35. Re1 Kf5 36. Rc1 Kxf4 37. Rxc5 g5 38. Rc8 Rf6 39. Rc5 Rd6 40.
Rc8 Rf6 41. Rc5 Ke5 42. Ke3 Rf4 43. Ra5 Rh4 44. Rxa6 Rxh2 45. b4 h4 46. a4 Rb2
47. b5 Rb3+ 48. Ke2 Kd4 49. Rg6 Rb2+ 50. Kf1 h3 51. Kg1 Rg2+ 52. Kh1 Kc5 53.
Rc6+ Kb4 54. b6 Ka5 
1/2-1/2

[Event "Eliteserien 2009-2010"]
[Site "Haraldsheim"]
[Date "2009.11.06"]
[Round "3"]
[White "Glenne, Bjørn Erik"]
[Black "Diesen, Bruce"]
[Result "0-1"]
[WhiteElo "2161"]
[BlackElo "2094"]
[PlyCount "76"]
[EventDate "2009.??.??"]

1. d4 Nf6 2. c4 e6 3. Nc3 Bb4 4. Qc2 O-O 5. a3 Bxc3+ 6. Qxc3 b6 7. Nf3 Bb7 8.
e3 d6 9. Be2 Ne4 10. Qc2 Nd7 11. O-O f5 12. Ne1 Qh4 13. f3 Ng5 14. Bd3 Rf6 15.
e4 f4 16. Qf2 Qh5 17. Kh1 Raf8 18. b4 e5 19. Bb2 Rh6 20. Qg1 Rff6 21. c5 Qe8
22. Rc1 dxc5 23. bxc5 Rfg6 24. dxe5 Nxc5 25. Bc4+ Kh8 26. Nd3 Ncxe4 27. fxe4
Nxe4 28. Rf3 Ng3+ 29. Rxg3 fxg3 30. Nf4 Rg4 31. Qe3 Rxh2+ 32. Kg1 Rhh4 33. Rf1
h6 34. e6 Rh2 35. e7 Bc6 36. Nh3 Rxg2+ 37. Kh1 Rh2+ 38. Kg1 Rh1# 
0-1

[Event "Eliteserien 2009-2010"]
[Site "Haraldsheim"]
[Date "2009.11.06"]
[Round "3"]
[White "Leer-Salvesen, Bjarte"]
[Black "Houska, Jovanka"]
[Result "1/2-1/2"]
[WhiteElo "2336"]
[BlackElo "2402"]
[PlyCount "57"]
[EventDate "2009.??.??"]

1. c4 c6 2. Nf3 d5 3. d4 Nf6 4. cxd5 cxd5 5. Nc3 Nc6 6. Bf4 a6 7. Rc1 Bf5 8. e3
e6 9. Qb3 Na5 10. Qa4+ Nc6 11. Ne5 Qb6 12. Bb5 Rc8 13. Bxc6+ bxc6 14. O-O Be7
15. Nd1 Nh5 16. Rxc6 Rxc6 17. Nxc6 Nxf4 18. Nxe7+ Kxe7 19. exf4 Qd6 20. Ne3 Rb8
21. Nxf5+ exf5 22. Re1+ Kf6 23. g3 Rxb2 24. Qe8 Rb8 25. Qe3 Rb7 26. Qf3 g6 27.
Kg2 Kg7 28. Re5 Rb5 29. Qc3 
1/2-1/2

[Event "Eliteserien 2009-2010"]
[Site "Haraldsheim"]
[Date "2009.11.06"]
[Round "3"]
[White "Gullaksen, Eirik"]
[Black "Harestad, Hans K"]
[Result "1/2-1/2"]
[WhiteElo "2386"]
[BlackElo "2190"]
[PlyCount "100"]
[EventDate "2009.??.??"]

1. e4 e5 2. Nf3 Nc6 3. Bb5 a6 4. Ba4 Nf6 5. Qe2 b5 6. Bb3 Bc5 7. d3 h6 8. c3
O-O 9. O-O d6 10. Be3 Qe7 11. Nbd2 Bg4 12. h3 Bd7 13. Nh4 Be6 14. Bxe6 Qxe6 15.
Bxc5 dxc5 16. Qe3 Nd7 17. Nb3 Qe7 18. Nf5 Qg5 19. f4 exf4 20. Rxf4 Nce5 21. h4
Qd8 22. Qg3 g6 23. Nxh6+ Kh7 24. Ng4 Nxg4 25. Rxg4 Nf6 26. Rg5 c4 27. Nc5 cxd3
28. Rd1 Qe7 29. Re5 Qd6 30. Rxd3 Qb6 31. Kh2 Rad8 32. Rxd8 Rxd8 33. Re7 Ng4+
34. Kh3 Qxc5 35. Rxf7+ Kg8 36. Rxc7 Nf2+ 37. Kh2 Ng4+ 38. Kh3 Nf2+ 39. Kh2 Qd6
40. Qxd6 Rxd6 41. Kg3 Nxe4+ 42. Kf4 Re6 43. c4 bxc4 44. Rxc4 Nf6 45. Kg5 Nd5
46. Rd4 Ne7 47. g4 Rb6 48. b4 Kf7 49. a4 Re6 50. h5 gxh5 
1/2-1/2

[Event "Eliteserien 2009-2010"]
[Site "Haraldsheim"]
[Date "2009.11.06"]
[Round "3"]
[White "Demac, Elias"]
[Black "Stenersen, Gudmund"]
[Result "0-1"]
[WhiteElo "2221"]
[BlackElo "2205"]
[PlyCount "74"]
[EventDate "2009.??.??"]

1. d4 d5 2. c4 c6 3. Nf3 Nf6 4. Nc3 e6 5. Bg5 Be7 6. e3 b6 7. Qc2 Bb7 8. Bxf6
Bxf6 9. cxd5 cxd5 10. Bd3 g6 11. a3 O-O 12. h4 Ba6 13. Bxa6 Nxa6 14. h5 Nc7 15.
hxg6 fxg6 16. Ne2 Ne8 17. Nf4 Rc8 18. Qd3 Qd7 19. O-O Nd6 20. Rac1 Ne4 21. Qa6
Nd6 22. Nd3 Rxc1 23. Rxc1 Rc8 24. Rxc8+ Nxc8 25. Nfe5 Qc7 26. g3 Nd6 27. Kg2
Nc4 28. Nxc4 Qxc4 29. Qxc4 dxc4 30. Ne5 Bxe5 31. dxe5 h5 32. f4 Kf7 33. Kf3 g5
34. Ke4 b5 35. fxg5 Kg6 36. Kd4 Kxg5 37. Kc5 Kg4 
0-1

[Event "Eliteserien 2009-2010"]
[Site "Haraldsheim"]
[Date "2009.11.06"]
[Round "3"]
[White "Zachariassen, Bjarne"]
[Black "Nilsen, Joachim B."]
[Result "1/2-1/2"]
[WhiteElo "1932"]
[BlackElo "2172"]
[PlyCount "38"]
[EventDate "2009.??.??"]

1. e4 c6 2. d4 d5 3. exd5 cxd5 4. c4 Nf6 5. Nc3 Nc6 6. cxd5 Nxd5 7. Nf3 Bg4 8.
Be2 e6 9. O-O Be7 10. Qb3 Nb6 11. Be3 O-O 12. Rfd1 Nb4 13. Rac1 Rc8 14. h3 Bh5
15. d5 N4xd5 16. Bxb6 axb6 17. Nxd5 exd5 18. Rxc8 Qxc8 19. Qxd5 Bg6 
1/2-1/2

[Event "Eliteserien 2009-2010"]
[Site "Haraldsheim"]
[Date "2009.11.06"]
[Round "3"]
[White "Lie, Espen"]
[Black "Elsness, Frode"]
[Result "1/2-1/2"]
[WhiteElo "2473"]
[BlackElo "2469"]
[PlyCount "53"]
[EventDate "2009.??.??"]

1. c4 e5 2. g3 Nf6 3. Bg2 d5 4. cxd5 Nxd5 5. Nf3 Nc6 6. O-O Nb6 7. d3 Be7 8.
Nc3 O-O 9. Be3 Be6 10. Rc1 f6 11. d4 exd4 12. Nxd4 Nxd4 13. Bxd4 c6 14. Qd3 Qd7
15. Rfd1 Rad8 16. Qe4 f5 17. Qf3 Qe8 18. Qe3 Qf7 19. Bxb6 axb6 20. Qxb6 Bf6 21.
e3 Rxd1+ 22. Rxd1 Bxc3 23. bxc3 Bxa2 24. Rd8 Qe7 25. Rd2 Be6 26. Qa7 Re8 27. h4
1/2-1/2

[Event "Eliteserien 2009-2010"]
[Site "Haraldsheim"]
[Date "2009.11.06"]
[Round "3"]
[White "Miezis, Normunds"]
[Black "Østmoe, Geir Sune Tallaksen"]
[Result "1/2-1/2"]
[WhiteElo "2481"]
[BlackElo "2389"]
[PlyCount "107"]
[EventDate "2009.??.??"]

1. c4 e6 2. e4 d5 3. exd5 exd5 4. d4 Nf6 5. Nc3 Be7 6. Nf3 O-O 7. Be2 dxc4 8.
Bxc4 Bg4 9. Be3 Nbd7 10. h3 Bh5 11. O-O Nb6 12. Bb3 Nfd5 13. Bd2 Bf6 14. Re1 c6
15. Ne4 Bxf3 16. Qxf3 Bxd4 17. Rad1 Bxb2 18. Ba5 Qc7 19. Bxd5 cxd5 20. Rxd5
Rad8 21. Rh5 Rfe8 22. g3 g6 23. Rc5 Qe7 24. Bc3 Bxc3 25. Qxc3 Na4 26. Nf6+ Qxf6
27. Qxf6 Nxc5 28. Re7 Rxe7 29. Qxe7 Rc8 30. g4 h6 31. Qe3 g5 32. h4 Ne6 33.
hxg5 hxg5 34. Qxa7 Rc7 35. Qb6 Kg7 36. Qb2+ f6 37. Kg2 Nf4+ 38. Kf3 Re7 39. Qb6
Ng6 40. Qd6 Kf7 41. Qd5+ Kg7 42. a4 Nf4 43. Qd8 Ng6 44. a5 Kf7 45. Kg2 Kg7 46.
Kf1 Kf7 47. Qc8 Kg7 48. Qf5 Nf4 49. f3 Ng6 50. Qc5 Kf7 51. Qd5+ Kg7 52. Qd8 Kf7
53. Kf2 Kg7 54. Kf1 
1/2-1/2

[Event "Eliteserien 2009-2010"]
[Site "Haraldsheim"]
[Date "2009.11.06"]
[Round "3"]
[White "Lahlum, Hans O."]
[Black "Haugli, Petter"]
[Result "1/2-1/2"]
[WhiteElo "2173"]
[BlackElo "2259"]
[PlyCount "35"]
[EventDate "2009.??.??"]

1. d4 Nf6 2. c4 c5 3. d5 b5 4. cxb5 a6 5. f3 axb5 6. e4 Qa5+ 7. Bd2 b4 8. Na3
e6 9. Nc4 Qc7 10. Bg5 Bb7 11. dxe6 fxe6 12. Nh3 Nc6 13. Be2 Be7 14. Bf4 e5 15.
Bg3 O-O 16. O-O d6 17. Ne3 Nh5 18. Bc4+ 
1/2-1/2

[Event "Eliteserien 2009-2010"]
[Site "Haraldsheim"]
[Date "2009.11.06"]
[Round "3"]
[White "Solberg, Joachim"]
[Black "Tallaksen, Levi André"]
[Result "1-0"]
[WhiteElo "2154"]
[BlackElo "2154"]
[PlyCount "57"]
[EventDate "2009.??.??"]

1. e4 e5 2. Nf3 Nc6 3. Bc4 Be7 4. d4 exd4 5. Nxd4 d6 6. O-O Nf6 7. Nc3 O-O 8.
h3 Ne5 9. Be2 c6 10. Bf4 Qc7 11. Qd2 Bd7 12. a4 a5 13. Rad1 Rad8 14. Bh2 Bc8
15. f4 Ng6 16. Kh1 Rfe8 17. Bd3 Nd7 18. Nb3 Bf8 19. Qf2 Nb8 20. e5 dxe5 21.
fxe5 Be6 22. Ne4 Bxb3 23. cxb3 Nxe5 24. Bc4 Rxd1 25. Rxd1 Kh8 26. Ng5 Qe7 27.
Bxe5 Qxg5 28. Qxf7 Qxg2+ 29. Kxg2 
1-0

[Event "Eliteserien 2009-2010"]
[Site "Haraldsheim"]
[Date "2009.11.06"]
[Round "3"]
[White "Hobber, Anders"]
[Black "Hagen, Anders G"]
[Result "1/2-1/2"]
[WhiteElo "2146"]
[BlackElo "2011"]
[PlyCount "69"]
[EventDate "2009.??.??"]

1. d4 d5 2. Nf3 Nf6 3. e3 c6 4. c4 e6 5. Nbd2 Nbd7 6. b3 Be7 7. Bd3 O-O 8. O-O
b6 9. Bb2 Bb7 10. Qe2 Rc8 11. Ne5 Qc7 12. Nxd7 Qxd7 13. Rad1 Qc7 14. e4 dxe4
15. Nxe4 Rfd8 16. Rfe1 Qf4 17. g3 Qc7 18. a3 a5 19. Bc2 Rd7 20. Rd2 Qd8 21.
Red1 Qf8 22. d5 cxd5 23. Nxf6+ Bxf6 24. Qd3 Qd8 25. Qxh7+ Kf8 26. Qh8+ Ke7 27.
Bxf6+ gxf6 28. Qh4 Qc7 29. Be4 Rcd8 30. cxd5 Bxd5 31. Bxd5 Rxd5 32. Rxd5 Rxd5
33. Rxd5 exd5 34. Qd4 Qd6 35. a4 
1/2-1/2

[Event "Eliteserien 2009-2010"]
[Site "Haraldsheim"]
[Date "2009.11.06"]
[Round "3"]
[White "Johansen, Paul"]
[Black "Aandal, Kristian"]
[Result "0-1"]
[WhiteElo "2023"]
[BlackElo "1906"]
[PlyCount "84"]
[EventDate "2009.??.??"]

1. Nf3 c5 2. g3 Nc6 3. Bg2 d6 4. O-O e5 5. d3 Nge7 6. c4 g6 7. Nc3 Bg7 8. a3
O-O 9. Bd2 Nd4 10. e3 Nxf3+ 11. Bxf3 Bh3 12. Bg2 Bxg2 13. Kxg2 d5 14. Qb3 dxc4
15. dxc4 Qc7 16. Rad1 Rad8 17. Bc1 Rxd1 18. Rxd1 f5 19. Kg1 Nc6 20. Nd5 Qf7 21.
Qb5 f4 22. Qxc5 fxg3 23. f4 gxh2+ 24. Kxh2 g5 25. Nc3 Qh5+ 26. Kg2 gxf4 27.
Qd5+ Kh8 28. Rh1 f3+ 29. Kg1 Qxh1+ 30. Kxh1 f2 31. Nd1 f1=Q+ 32. Kh2 Qe2+ 33.
Kg3 Rd8 34. Qf7 Qxd1 35. Qxb7 Qxc1 36. Qxc6 Qxe3+ 37. Kg4 Rd4+ 38. Kh5 Qh6+ 39.
Qxh6 Bxh6 40. c5 Bf8 41. b4 Bxc5 42. bxc5 Rc4 
0-1

[Event "Eliteserien 2009-2010"]
[Site "Haraldsheim"]
[Date "2009.11.06"]
[Round "3"]
[White "Berg, Emanuel"]
[Black "Urkedal, Frode Olav Olsen"]
[Result "1-0"]
[WhiteElo "2476"]
[BlackElo "2398"]
[PlyCount "108"]
[EventDate "2009.??.??"]

1. e4 c5 2. Nf3 d6 3. d4 cxd4 4. Nxd4 Nf6 5. Nc3 a6 6. Bg5 e6 7. f4 Qb6 8. Qd3
Nc6 9. Bxf6 gxf6 10. Nb3 Bd7 11. Be2 Rg8 12. g3 O-O-O 13. O-O-O Kb8 14. Kb1 Rc8
15. Rhf1 Be7 16. Bh5 Rg7 17. a3 Na5 18. Nxa5 Qxa5 19. g4 Be8 20. Rf3 Qc5 21.
Qd2 Bc6 22. Rd3 Ka8 23. Rd4 b5 24. Re1 Bb7 25. Rd3 Qb6 26. f5 Qc5 27. Re2 Qg1+
28. Nd1 Qb6 29. Qh6 Rcg8 30. g5 Qd8 31. fxe6 fxe6 32. gxf6 Bxf6 33. e5 Bg5 34.
Qxe6 Re7 35. Qb3 d5 36. Bf3 Bf4 37. Bxd5 Bxd5 38. Rxd5 Qc8 39. a4 bxa4 40. Qxa4
Bg5 41. h4 Bh6 42. Rd6 Rg6 43. Qe4+ Qb7 44. Rxg6 hxg6 45. Qxg6 Bg7 46. Qe4 Bxe5
47. Qxb7+ Kxb7 48. Nf2 Rf7 49. Rxe5 Rxf2 50. Re8 Rh2 51. Rh8 a5 52. h5 Rh4 53.
h6 Rc4 54. h7 Rc7 
1-0

[Event "Eliteserien 2009-2010"]
[Site "Haraldsheim"]
[Date "2009.11.06"]
[Round "3"]
[White "Hansen, Torbjørn R."]
[Black "Hammer, Jon Ludvig"]
[Result "1/2-1/2"]
[WhiteElo "2370"]
[BlackElo "2605"]
[PlyCount "93"]
[EventDate "2009.??.??"]

1. e4 c6 2. Nc3 d5 3. Nf3 Bg4 4. h3 Bh5 5. g4 dxe4 6. gxh5 exf3 7. Qxf3 Nf6 8.
b3 Qa5 9. Be2 g6 10. hxg6 hxg6 11. Bb2 Bg7 12. O-O-O Nbd7 13. Kb1 O-O-O 14. a3
Qc7 15. d4 e6 16. Na4 Rh4 17. Ka2 Rf4 18. Qg2 Nd5 19. h4 Bf6 20. h5 gxh5 21.
Bxh5 b5 22. Nc3 Nxc3+ 23. Bxc3 Nb6 24. Bb2 Kb7 25. c3 Bh4 26. Bf3 Nd5 27. Rh3
a5 28. c4 bxc4 29. bxc4 Nb6 30. Qf1 Ka7 31. Qd3 Bf6 32. c5 Na4 33. Be2 Qb7 34.
Rb1 Rb8 35. Rh7 Nxb2 36. Qc3 Bd8 37. f3 Qd7 38. Rxb2 Rxb2+ 39. Qxb2 Bf6 40.
Qb6+ Ka8 41. Qa6+ Kb8 42. Qb6+ Qb7 43. Rxf7 Qxb6 44. cxb6 Be5 45. Rxf4 Bxf4 46.
Bc4 Kb7 47. Bxe6 
1/2-1/2

[Event "Eliteserien 2009-2010"]
[Site "Haraldsheim"]
[Date "2009.11.06"]
[Round "3"]
[White "Johannessen, Leif E"]
[Black "Bae, Torstein"]
[Result "1/2-1/2"]
[WhiteElo "2514"]
[BlackElo "2387"]
[PlyCount "58"]
[EventDate "2009.??.??"]

1. e4 c5 2. Nf3 d6 3. d4 cxd4 4. Nxd4 Nf6 5. Nc3 g6 6. Be2 Bg7 7. O-O O-O 8.
Nb3 Nc6 9. Re1 Be6 10. Bf1 Rc8 11. Nd5 Ne5 12. c3 Re8 13. Bg5 Bxd5 14. exd5 Nc4
15. Bxc4 Rxc4 16. Qd3 Rc7 17. Be3 Nd7 18. f4 Nc5 19. Nxc5 dxc5 20. f5 b6 21.
Rad1 Rd7 22. Bg5 Rd6 23. Qe4 Qd7 24. g4 e6 25. Bf4 e5 26. Bg3 Qb5 27. b3 Qa5
28. c4 Qxa2 29. Rd3 Qc2 
1/2-1/2

[Event "Eliteserien 2009-2010"]
[Site "Haraldsheim"]
[Date "2009.11.06"]
[Round "3"]
[White "Bjerke, Silje"]
[Black "Moen, Andreas G.R."]
[Result "1/2-1/2"]
[WhiteElo "2179"]
[BlackElo "2315"]
[PlyCount "87"]
[EventDate "2009.??.??"]

1. e4 e6 2. d4 b6 3. Bd3 Bb7 4. Nf3 c5 5. c3 Nf6 6. Qe2 Nc6 7. d5 Ne7 8. d6 Ng6
9. e5 Nd5 10. g3 Qc8 11. h4 f6 12. Na3 a6 13. Rg1 Qc6 14. exf6 Nxc3 15. f7+ Kd8
16. Bg5+ Kc8 17. bxc3 Qxf3 18. Nc4 b5 19. Nb6+ Kb8 20. Nxa8 Bxd6 21. Qxf3 Bxf3
22. Bxg6 hxg6 23. Nb6 Kc7 24. Nxd7 Kxd7 25. Kd2 Rf8 26. Ke3 Bd5 27. Rad1 Kc6
28. Bf4 e5 29. Bg5 Rxf7 30. f4 c4 31. Rge1 a5 32. Kd2 e4 33. Kc2 Bc5 34. Kb2
Bf2 35. Re2 e3 36. Rf1 Bf3 37. Rexf2 exf2 38. Rxf2 Be4 39. Re2 Kd5 40. Bd8 Ra7
41. Bb6 Ra6 42. Bd4 Re6 43. Bxg7 Bd3 44. Rxe6 
1/2-1/2

[Event "Eliteserien 2009-2010"]
[Site "Haraldsheim"]
[Date "2009.11.06"]
[Round "3"]
[White "Getz, Nicolai"]
[Black "Sousa, Ludy Helsio P"]
[Result "1-0"]
[WhiteElo "2265"]
[BlackElo "2205"]
[PlyCount "121"]
[EventDate "2009.??.??"]

1. e4 c5 2. Nf3 d6 3. d4 cxd4 4. Nxd4 Nf6 5. Nc3 a6 6. Bc4 e6 7. O-O b5 8. Bb3
Be7 9. Qf3 Qc7 10. Qg3 b4 11. Nce2 O-O 12. Bh6 Ne8 13. c3 Kh8 14. Bd2 Nf6 15.
f3 a5 16. Rac1 a4 17. cxb4 Qb6 18. Be3 Nh5 19. Qh3 axb3 20. Qxh5 bxa2 21. Nf5
Qb7 22. Nxe7 Qxe7 23. b5 e5 24. Nc3 Be6 25. Ra1 Bb3 26. f4 Nd7 27. f5 Nf6 28.
Qh4 Rfc8 29. Bg5 h6 30. Rf3 Rg8 31. Rh3 Qf8 32. Bxf6 gxf6 33. Qxf6+ Kh7 34. b6
Qg7 35. Qxg7+ Kxg7 36. Nb5 Bc2 37. Rg3+ Kh7 38. b7 Rab8 39. Rxg8 Kxg8 40. Nxd6
Bb1 41. b3 f6 42. Kf2 Kf8 43. Nc4 Bxe4 44. Rxa2 Ke7 45. Na5 Kd6 46. g4 Bxb7 47.
Nxb7+ Rxb7 48. Ra3 Rb4 49. Kg3 Kc5 50. Kh4 Rb6 51. Kh5 Kd4 52. Kxh6 e4 53. g5
e3 54. g6 e2 55. Ra1 Rxb3 56. g7 Rh3+ 57. Kg6 Rxh2 58. Kxf6 Rg2 59. Kf7 Ke5 60.
g8=Q Rxg8 61. Kxg8 
1-0

[Event "Eliteserien 2009-2010"]
[Site "Haraldsheim"]
[Date "2009.11.06"]
[Round "3"]
[White "Haug, Marianne Wold"]
[Black "Stubberud, Ørnulf"]
[Result "0-1"]
[WhiteElo "2090"]
[BlackElo "2290"]
[PlyCount "62"]
[EventDate "2009.??.??"]

1. e4 d6 2. d4 Nf6 3. Nc3 g6 4. g3 Bg7 5. Bg2 O-O 6. Nge2 c6 7. a4 Qc7 8. O-O
e5 9. h3 b6 10. Be3 Ba6 11. Re1 Nbd7 12. g4 exd4 13. Bxd4 h6 14. f4 Rad8 15.
Ng3 d5 16. e5 Nh7 17. Qf3 Rfe8 18. h4 Nc5 19. Bf2 Bc8 20. b4 Ne6 21. b5 Bb7 22.
Rad1 c5 23. f5 Nd4 24. Bxd4 cxd4 25. f6 dxc3 26. fxg7 Rxe5 27. Rxe5 Qxe5 28.
Ne2 Nf6 29. Qxc3 Qxe2 30. Re1 Qxg2+ 31. Kxg2 d4+ 
0-1